000 004870000a22001810004500
003 MACL
005 20160121123831.0
008 160121b xxu||||| |||| 00| 0 eng d
040 _aMACL
_cmacl
041 _aEnglish
082 _a344.053/MAL
100 _aMalik, Vijay
_933865
245 _aExplosives Act 1884 And Explosives Rules 1983
260 _bEastern Book Company
_c1998
_aLucknow
350 _a130
650 _aLabour Social Education
_933866
942 _cBK
_k344.053/Mal
_2ddc
999 _c31911
_d31911